000 00898cam a2200289 a 4500
001 000018667
005 20200929165834.0
008 800215s1969 sp b 001 0 spa d
035 _a(DLC)a 53005400
035 _a(OCoLC)5987921
040 _aDO-SdBNP
_cPLF
_dOCoLC
_dDLC
_dBNPHU
042 _apremarc
050 0 0 _aDP48
_b.D533
082 _annn
_bD542v, 1969
100 1 _aDíaz Plaja, Fernando,
_d1918-
_927755
245 1 3 _aLa vida española en el siglo XIX /
_cFernando Díaz Plaja.
250 _a2a ed.
260 _aMadrid :
_bPrensa Española,
_c1969.
300 _a271 p. ;
_c26 cm.
490 1 _aLos tres dados
504 _aIncluye bibliografía al final de cada capítulo.
651 0 _aSpain
_xHistory
_y19th century.
_940322
651 0 _aSpain
_xSocial Life And Customs.
_928419
830 0 _aLos tres dados
_96832
910 _aCatalogación derivada / LC
049 _aBNGR
999 _c18187
_d18187